El valle de la culebra : novela /

Salvato in:
Dettagli Bibliografici
Autore principale: García Escobar, Carlos René, 1948-
Natura: Libro
Lingua:Spanish
Pubblicazione: Ciudad de Guatemala, Centroamérica : Editorial Oscar de León Palacios, 1999.
Edizione:1. edición
Soggetti:
Tags: Aggiungi Tag
Nessun Tag, puoi essere il primo ad aggiungerne!!

MARC

LEADER 00000cam a22000007a 4500
001 11831196
005 20140908071359.0
008 991003s1999 gt |||||||||||||||||spa
040 |a DLC  |c DLC  |d CIICLA 
082 |a G863.4  |b G216v  
100 1 |a García Escobar, Carlos René,  |d 1948- 
245 1 3 |a El valle de la culebra :  |b novela /  |c Carlos René García Escobar. 
250 |a 1. edición 
260 |a Ciudad de Guatemala, Centroamérica :  |b Editorial Oscar de León Palacios,  |c 1999. 
300 |a 126 páginas 
650 7 |9 46  |a LITERATURA GUATEMALTECA  |v NOVELA 
942 |2 ddc  |c BK 
999 |c 3454  |d 3454